000 00739nam a22002297a 4500
005 20170124110016.0
010 _aB-181680
020 _c300.00
_a8178814641
035 _aB-181680
037 _bCen Lib/Ret
040 _aDPL
_bEN
082 _a337.51
_bCHI
245 _aChina's globlization :
_cedited by V. Subbulakshmi
_ban introduction /
260 _bThe ICFAI University Press
_c2005
_aHyderabad
270 _bHyderabad
_a52, nagarjun hills, punjagutta
_e500082
300 _aix, 171p.
_c23cm(pbk)
500 _aIncludes and index
650 _a Globlization
_zChina
_918741
650 _aEconomic change & liberalisation
_918742
700 _aSubbulakshmi, V.
_918743
942 _2ddc
_cEN
_h337.51
_mCHI
999 _c126882
_d126882